History of sino-Indian relations from 1949 - to the present time (Record no. 1447495)

MARC details
000 -LEADER
fixed length control field 00580nam a2200169Ia 4500
005 - DATE AND TIME OF LATEST TRANSACTION
control field 20250923145128.0
008 - FIXED-LENGTH DATA ELEMENTS--GENERAL INFORMATION
fixed length control field 008 250917s9999 xx 000 0 eng d
037 ## - SOURCE OF ACQUISITION
Stock number Textual
040 ## - CATALOGING SOURCE
Original cataloging agency DSWL
Language of cataloging eng
Transcribing agency DSWL
041 ## - LANGUAGE CODE
Language code of text/sound track or separate title eng
Source of code eng
084 ## - COLON CLASSIFICATION NUMBER
Classification number V2:1941'N6<-N49t4, N68
Assigning agency DSWL
100 ## - MAIN ENTRY--PERSONAL NAME
Personal name Gandre, Robert
9 (RLIN) 832052
245 #0 - TITLE STATEMENT
Title History of sino-Indian relations from 1949 - to the present time
Statement of responsibility, etc. by Robert Gandre
260 ## - PUBLICATION, DISTRIBUTION, ETC.
Place of publication, distribution, etc. USA
Name of publisher, distributor, etc. Programme University of Wisconsin
Date of publication, distribution, etc. 1968
942 ## - ADDED ENTRY ELEMENTS (KOHA)
Koha item type Textual
Classification part V2:1941'N6<-N49t4, N68
Holdings
Withdrawn status Lost status Damaged status Not for loan Home library Current library Date acquired Total Checkouts Full call number Barcode Date last seen Price effective from Koha item type
        Department of Social Work Library Department of Social Work Library 2025-09-23   V2:1941'N6<-N49t4, N68 SW0013164 2025-09-23 2025-09-23 Textual
Copyright @ Delhi University Library System